000 00275nam a2200109Ia 4500
008 220204s9999 xx 000 0 und d
082 _a033
_bANJ
100 _aAnjaria, J J
245 0 _aStrategy of economic development
260 _aBombay
_bOrient Longman
_c1969
942 _cBK
999 _c22348
_d22348